000 01114nas a2200301 i 4500
001 180281
003 ES-MaACL
005 20250217134904.0
008 120523d18851902mx mr m | |spa d
080 _a339.3:339.5(72)
080 _a351.824.1(72)
080 _a631(72)
245 0 0 _aInformes y documentos relativos a comercio interior y exterior, agricultura e industrias [de los Estados Unidos Mexicanos].
260 _aMéxico :
_bSecretaría de Fomento,
_c1885-[1902?]
300 _av. ;
_c22 cm.
310 _aMensual
362 0 _aN. 1 (jul. 1885)-Cesó en 1892?
594 _aPrecede al tít.: Estados Unidos Mexicanos, Secretaría de Fomento.
650 4 _aAgricultura-
_zMéxico.
_9150093
650 4 _aIndustria-
_zMéxico.
_9150094
651 4 _aMéxico-
_xSituación económica.
_9150095
651 4 _aMéxico-
_xComercio exterior.
_9150096
710 1 _aMéxico.
_bSecretaría de Fomento.
_9172089
852 _aES-MaACL
_jT-434-F-1-4
_z(N. 1-4, jul.-oct. 1885)
852 _aES-MaACL
_jG-2913-14
_z(N. 26-29, ag.-nov. 1887)
866 0 _o(1885) (1887).
999 _c180281
_d180281